[Event "Autumn Tournament 2007"]
[Site "SchemingMind.com"]
[Date "2007.11.26"]
[Round "-"]
[White "Fred Fanelli"]
[Black "Sjakkie"]
[Result "1-0"]
[WhiteCountry "USA"]
[BlackCountry "NED"]
[WhiteElo "1666"]
[WhiteRD "70"]
[BlackElo "1440"]
[BlackRD "77"]
[GameID "130629"]

1. e4 e5 2. Nf3 d6 3. d4 Nc6 4. Bc4 h6 5. dxe5 Nxe5 6. Nxe5 Be6 7. Bxe6 fxe6 8. Nf3 e5 9. Nc3 Nf6 10. O-O Be7
11. Re1 O-O 12. Nd5 c6 13. Nc3 Ng4 14. h3 Nf6 15. Nh2 Qb6 16. Rb1 Nd7 17. Be3 Qc7 18. Nf3 Rf6 19. Nh2 Rg6 20. Qh5 Re6
21. Qg4 Rf6 22. Nf3 Nf8 23. Nh4 Kh7 24. f3 Ng6 25. Nf5 Bf8 26. Rbd1 Rd8 27. Qh5 Nf4 28. Bxf4 exf4 29. Qh4 g5 30. Qf2 b6
31. Qd4 a6 32. Qxf6 Bg7 33. Nxg7 Rg8 34. Nf5 a5 35. Qxd6 Qb7 36. Qd7+ Qxd7 37. Rxd7+ Kg6 38. Ne7+
1-0

[Event "Autumn Tournament 2007"]
[Site "SchemingMind.com"]
[Date "2007.11.26"]
[Round "-"]
[White "Sjakkie"]
[Black "Fred Fanelli"]
[Result "0-1"]
[WhiteCountry "NED"]
[BlackCountry "USA"]
[WhiteElo "1440"]
[WhiteRD "77"]
[BlackElo "1666"]
[BlackRD "70"]
[GameID "130631"]

1. e4 c6 2. Nf3 d5 3. e5 Bf5 4. d4 e6 5. c3 c5 6. b3 Nc6 7. Bb5 Ne7 8. O-O a6 9. Bxc6+ Nxc6 10. Bg5 Be7
11. Bxe7 Qxe7 12. Nbd2 O-O 13. h3 Rac8 14. a4 Bd3 15. Re1 cxd4 16. cxd4 Nb4 17. Rc1 Nc2 18. Nb1 Nxe1 19. Nxe1 Rxc1 20. Qxc1 Bxb1
21. Qxb1 Rc8 22. Nf3 Qb4 23. Ng5 g6 24. Qb2 Rc3 25. Qd2 Qxb3 26. Qf4 Qb1+ 27. Kh2 Qf5 28. Qd2 Rc2 29. Qe3 b5 30. axb5 axb5
31. g4 Qxf2+ 32. Qxf2 Rxf2+ 33. Kg3 Rc2 34. h4 b4 35. h5 b3
0-1

[Event "Autumn Tournament 2007"]
[Site "SchemingMind.com"]
[Date "2007.12.01"]
[Round "-"]
[White "saxondom"]
[Black "Sjakkie"]
[Result "0-1"]
[WhiteCountry "HUN"]
[BlackCountry "NED"]
[WhiteElo "1297"]
[WhiteRD "112"]
[BlackElo "1497"]
[BlackRD "80"]
[GameID "130995"]

1. e4 e5 2. f4 Nc6 3. Nf3 d6 4. Bc4 h6 5. O-O Be6 6. b3 Be7 7. d4 exf4 8. Bxf4 Nf6 9. Nbd2 O-O 10. e5 Nh5
11. g3 Bh3 12. Rf2 Nxf4 13. gxf4 Bg4 14. Qe2 Nxd4 15. Nxd4 Bxe2 16. Rxe2 d5 17. Bd3 Bc5 18. e6 Bxd4+ 19. Kf1 Bxa1 20. e7 Qd6
21. exf8=Q+ Kxf8 22. Rf2 Re8 23. Bb5 Re6 24. c4 c6 25. f5 Re5 26. Ba4 Qc5
0-1

[Event "Autumn Tournament 2007"]
[Site "SchemingMind.com"]
[Date "2007.12.01"]
[Round "-"]
[White "saxondom"]
[Black "Fred Fanelli"]
[Result "0-1"]
[WhiteCountry "HUN"]
[BlackCountry "USA"]
[WhiteElo "1297"]
[WhiteRD "112"]
[BlackElo "1616"]
[BlackRD "74"]
[GameID "130997"]

1. e4 c6 2. Nc3 d5 3. d4 dxe4 4. Nxe4 Nd7 5. Nf3 Ngf6 6. Bd3 e6 7. O-O Be7 8. Bf4 O-O 9. Re1 Re8 10. Nd6 Rf8
11. Re5 Bxd6 12. Rg5 Bxf4 13. Ra5 Qxa5 14. Qe2 c5 15. c3 Qc7 16. g3 Bd6 17. Ng5 h6 18. Nh7 Nxh7 19. Be4 Nhf6 20. Rf1 Nxe4
21. Qxe4 Nf6 22. Qf3 Bd7
0-1

[Event "Autumn Tournament 2007"]
[Site "SchemingMind.com"]
[Date "2007.11.29"]
[Round "-"]
[White "Fred Fanelli"]
[Black "saxondom"]
[Result "1-0"]
[WhiteCountry "USA"]
[BlackCountry "HUN"]
[WhiteElo "1616"]
[WhiteRD "74"]
[BlackElo "1297"]
[BlackRD "112"]
[GameID "131000"]

1. e4 Nf6 2. Nc3 e6 3. a3 c6 4. d4 d5 5. e5 Be7 6. exf6 Bxf6 7. Nf3 O-O 8. Be3 Re8 9. Bd3 e5 10. dxe5 Bxe5
11. Nxe5 Rxe5 12. O-O d4 13. Bxd4 Qxd4 14. Bxh7+ Kxh7 15. Qxd4 Re6 16. Rfe1 b5 17. Rxe6 fxe6 18. Qe4+ g6 19. Nxb5 Ba6 20. Nc7 Bb7
21. Nxa8 Bxa8 22. Qxe6 c5 23. Qe8
1-0

[Event "Autumn Tournament 2007"]
[Site "SchemingMind.com"]
[Date "2007.11.30"]
[Round "-"]
[White "Shaka"]
[Black "Sjakkie"]
[Result "1-0"]
[WhiteCountry "VEN"]
[BlackCountry "NED"]
[WhiteElo "1694"]
[WhiteRD "67"]
[BlackElo "1497"]
[BlackRD "80"]
[GameID "131016"]

1. e4 e5 2. Nf3 d6 3. Bc4 h6 4. d4 Nf6 5. Nc3 Be7 6. h3 O-O 7. Be3 Bd7 8. Qd2 a6 9. a4 c6 10. dxe5 Nxe4
11. Nxe4 d5 12. Bxd5 Qe8 13. Bc4 Bd8 14. Nd6 Qe7 15. Rd1 Bc8 16. O-O b5 17. Nxc8 Qc7 18. Bb6 Qxc8 19. Bxd8 Rxd8 20. Qxd8+ Qxd8
21. Rxd8+ Kh7 22. Bxf7 Ra7 23. e6 c5 24. Rxb8 c4 25. Ne5 Re7 26. Bg6#
1-0

[Event "Autumn Tournament 2007"]
[Site "SchemingMind.com"]
[Date "2007.12.01"]
[Round "-"]
[White "Shaka"]
[Black "saxondom"]
[Result "1-0"]
[WhiteCountry "VEN"]
[BlackCountry "HUN"]
[WhiteElo "1713"]
[WhiteRD "70"]
[BlackElo "1387"]
[BlackRD "99"]
[GameID "131017"]

1. e4 g6 2. Nf3 d6 3. d4 Bg7 4. Bc4 e6 5. Nc3 Ne7 6. Be3 Nbc6 7. Qd2 d5 8. Bb5 O-O 9. h3 e5 10. Bxc6 bxc6
11. dxe5 f6 12. exf6 Bxf6 13. Bd4 Qd6 14. e5 Qb4 15. exf6 Nf5 16. O-O Be6 17. a3 c5 18. axb4 cxb4 19. Nb5 c6 20. Nxa7 Rf7
21. Nxc6 Rxa1 22. Rxa1 Rc7 23. Ra8+ Bc8 24. Ne7+ Nxe7 25. fxe7 Rxe7 26. Rxc8+ Kf7 27. Qf4+ Ke6 28. Ng5+ Kd7 29. Qc7#
1-0

[Event "Autumn Tournament 2007"]
[Site "SchemingMind.com"]
[Date "2007.12.03"]
[Round "-"]
[White "Shaka"]
[Black "Shanks"]
[Result "1-0"]
[WhiteCountry "VEN"]
[BlackCountry "ENG"]
[WhiteElo "1744"]
[WhiteRD "73"]
[BlackElo "1567"]
[BlackRD "73"]
[GameID "131018"]

1. Nf3 d6 2. g3 Nf6 3. Bg2 e5 4. d3 Be7 5. e4 h6 6. h3 c6 7. O-O O-O 8. Be3 Nbd7 9. Nc3 a6 10. a4 b6
11. Nh4 Re8 12. Nf5 Bf8 13. f4 exf4 14. Bxf4 Bb7 15. Bxd6 Nh7 16. Qf3 c5 17. Rae1 Ne5 18. Bxe5 Rxe5 19. Nxh6+ gxh6 20. Qxf7+ Kh8
21. Qxb7 b5 22. Rf7 Re7 23. Rxe7 Bxe7 24. Nd5 Bf8 25. Rf1 Bg7 26. Rf7 bxa4 27. Rxg7 Nf8 28. Qf7 Rb8 29. Rg8#
1-0

[Event "Autumn Tournament 2007"]
[Site "SchemingMind.com"]
[Date "2007.11.30"]
[Round "-"]
[White "Shaka"]
[Black "Fred Fanelli"]
[Result "1-0"]
[WhiteCountry "VEN"]
[BlackCountry "USA"]
[WhiteElo "1694"]
[WhiteRD "67"]
[BlackElo "1616"]
[BlackRD "74"]
[GameID "131019"]

1. e4 c6 2. d4 d5 3. exd5 cxd5 4. Nf3 e6 5. Bd3 Bd6 6. Nc3 Nf6 7. Bg5 Nbd7 8. Nb5 Bb8 9. c3 O-O 10. O-O a6
11. Na3 Qc7 12. Nc2 h6 13. Bxf6 Nxf6 14. Ne3 Re8 15. Re1 Ng4 16. Nxg4 Qf4 17. Nge5 Bxe5 18. Nxe5 Qg5 19. Re3 f5 20. Rg3 Qf6
21. Qh5 Qe7 22. Qxh6 Kf8 23. Qh5
1-0

[Event "Autumn Tournament 2007"]
[Site "SchemingMind.com"]
[Date "2007.12.01"]
[Round "-"]
[White "Sjakkie"]
[Black "Shaka"]
[Result "0-1"]
[WhiteCountry "NED"]
[BlackCountry "VEN"]
[WhiteElo "1497"]
[WhiteRD "80"]
[BlackElo "1694"]
[BlackRD "67"]
[GameID "131020"]

1. e4 c6 2. Nf3 d5 3. e5 Bg4 4. h3 Bxf3 5. Qxf3 e6 6. d4 Nd7 7. Bd3 c5 8. c3 Ne7 9. O-O Nc6 10. Na3 cxd4
11. cxd4 Nxd4 12. Qe3 Nc6 13. f4 Bc5
0-1

[Event "Autumn Tournament 2007"]
[Site "SchemingMind.com"]
[Date "2007.12.01"]
[Round "-"]
[White "saxondom"]
[Black "Shaka"]
[Result "0-1"]
[WhiteCountry "HUN"]
[BlackCountry "VEN"]
[WhiteElo "1387"]
[WhiteRD "99"]
[BlackElo "1713"]
[BlackRD "70"]
[GameID "131021"]

1. e4 c6 2. d4 d5 3. Nc3 dxe4 4. Nxe4 Nd7 5. Bd3 Ngf6 6. Bg5 Nxe4 7. Bxe4 Nf6 8. f4 Nxe4 9. Qd3 Nxg5 10. fxg5 Qa5+
11. c3 Qxg5 12. Nf3 Qxg2 13. Rg1 Qxb2 14. Rb1 Qxa2 15. Rd1 Be6 16. Rd2 Qc4 17. Qxc4 Bxc4 18. Ne5 Bd5 19. c4 Be4 20. Rf2 Bg6
21. Rb2 O-O-O 22. Rd2 e6 23. h4 Bb4 24. Nxf7 Bxd2+ 25. Kxd2 Rxd4+ 26. Kc3 Rd3+ 27. Kb4 Bxf7 28. Rxg7 Bg6 29. Re7 Re8
0-1

[Event "Autumn Tournament 2007"]
[Site "SchemingMind.com"]
[Date "2007.12.01"]
[Round "-"]
[White "Fred Fanelli"]
[Black "Shaka"]
[Result "0-1"]
[WhiteCountry "USA"]
[BlackCountry "VEN"]
[WhiteElo "1658"]
[WhiteRD "64"]
[BlackElo "1744"]
[BlackRD "73"]
[GameID "131023"]

1. e4 c6 2. d4 d5 3. Nc3 dxe4 4. Nxe4 Bf5 5. Ng3 Bg6 6. Bc4 e6 7. Nf3 Nf6 8. O-O Bd6 9. Bg5 Nbd7 10. Bd3 Bxd3
11. Qxd3 h6 12. Bxf6 Nxf6 13. Nd2 Qc7 14. c3 O-O 15. Nc4 Bxg3 16. fxg3 Rfd8 17. Ne5 c5 18. Qc4 Rac8 19. Rad1 cxd4 20. Qxc7 Rxc7
21. Rxd4 Rxd4 22. cxd4 Rc2 23. Rf2 Rc1+ 24. Rf1 Rc7 25. Nd3 Ne4 26. Re1 Nd6 27. Rc1 Rxc1+ 28. Nxc1 Nb5 29. Ne2 f6 30. a4 Nd6
31. b3 Ne4 32. Nf4 Kf7 33. Ne2 Ke7 34. g4 Kd6 35. g3 Nd2 36. Nc1 Kd5 37. Kf2 Kxd4 38. Ke2 Kc3 39. Ke3 Nxb3 40. Na2+ Kc4
0-1

[Event "Autumn Tournament 2007"]
[Site "SchemingMind.com"]
[Date "2007.12.01"]
[Round "-"]
[White "lemmie"]
[Black "Shaka"]
[Result "0-1"]
[WhiteCountry "NED"]
[BlackCountry "VEN"]
[WhiteElo "1627"]
[WhiteRD "56"]
[BlackElo "1713"]
[BlackRD "70"]
[GameID "131064"]

1. e4 c6 2. d4 d5 3. e5 Bf5 4. Nf3 e6 5. h3 Nd7 6. c3 c5 7. g4 Be4 8. Bg2 cxd4 9. cxd4 Qb6 10. Nc3 Bxf3
11. Bxf3 Ne7 12. Rb1 Nc6 13. Be3 Bb4 14. O-O O-O 15. a3 Bxc3 16. bxc3 Qc7 17. h4 Rfc8 18. Rc1 Na5 19. Kg2 Nc4 20. Qb3 Qa5
21. a4 Ndb6 22. Bd1 Nxe3+ 23. fxe3 Nc4 24. Rf3 Nd2 25. Qxb7 Nxf3 26. Bxf3 Rab8 27. Qe7 Qxa4 28. Rf1 a5 29. Bd1 Qe8 30. Qa3 Qc6
31. g5 Qxc3 32. Qe7 Rb2+ 33. Kh1 Rf8 34. h5 Qd2 35. Bf3 Qh2#
0-1

[Event "Autumn Tournament 2007"]
[Site "SchemingMind.com"]
[Date "2007.11.30"]
[Round "-"]
[White "lemmie"]
[Black "Sjakkie"]
[Result "1-0"]
[WhiteCountry "NED"]
[BlackCountry "NED"]
[WhiteElo "1627"]
[WhiteRD "56"]
[BlackElo "1440"]
[BlackRD "77"]
[GameID "131065"]

1. e4 e5 2. Nf3 d6 3. Bc4 h6 4. h3 Nf6 5. Nc3 Be7 6. d3 O-O 7. Be3 Nc6 8. a3 Na5 9. Ba2 c6 10. Ne2 b6
11. b4 Nb7 12. c4 c5 13. b5 Na5 14. Nc3 a6 15. a4 Be6 16. Bb1 Nh5 17. Nxe5 Bf6 18. Qxh5 Bxe5 19. Bd2 Nb3 20. Ra3 Nxd2
21. Kxd2 Qf6 22. Rf1 axb5 23. cxb5 Bf4+ 24. Kd1 c4 25. Nd5 Qb2 26. Nxf4 Qxa3 27. Nxe6 fxe6 28. Bc2 Qa1+ 29. Ke2 c3 30. Rxa1 e5
31. Ra3 Rac8 32. Qg6 Rf6 33. Qg4 Rff8 34. Qe6+ Kh8 35. Qxd6 Rf6 36. Qxe5 Rg6 37. g3 Rg5 38. Qe6 Rf8 39. Qxb6 h5 40. h4 Rg4
41. Rxc3 Kh7 42. Rc5 g6 43. Rc7+ Kh6 44. Qa7 Rh8 45. Qe3+ g5 46. Qb6#
1-0

[Event "Autumn Tournament 2007"]
[Site "SchemingMind.com"]
[Date "2007.12.01"]
[Round "-"]
[White "lemmie"]
[Black "saxondom"]
[Result "1-0"]
[WhiteCountry "NED"]
[BlackCountry "HUN"]
[WhiteElo "1627"]
[WhiteRD "56"]
[BlackElo "1387"]
[BlackRD "99"]
[GameID "131066"]

1. e4 e6 2. Nf3 d5 3. exd5 exd5 4. d4 Bb4+ 5. c3 Qe7+ 6. Be2 c5 7. cxb4 cxb4 8. O-O Nf6 9. Qa4+ Bd7 10. Bb5 O-O
11. Re1 Qd6 12. Be3 a6 13. Bxd7 Nbxd7 14. Nbd2 Nb6 15. Qd1 Rae8 16. Nb3 Nc4 17. Qc2 Ng4 18. h3 Ngxe3 19. fxe3 Nxe3 20. Qd3 Qh6
21. Ne5 f6 22. Rxe3 g6 23. Ng4 Qg5 24. Rae1 Kf7 25. Nc5 h5 26. Nh2 Rxe3 27. Rxe3 Re8 28. Rxe8 Kxe8 29. b3 Kd8 30. Ne6+ Kd7
31. Nxg5
1-0

[Event "Autumn Tournament 2007"]
[Site "SchemingMind.com"]
[Date "2007.12.03"]
[Round "-"]
[White "lemmie"]
[Black "Shanks"]
[Result "0-1"]
[WhiteCountry "NED"]
[BlackCountry "ENG"]
[WhiteElo "1627"]
[WhiteRD "56"]
[BlackElo "1515"]
[BlackRD "82"]
[GameID "131067"]

1. e4 Nf6 2. e5 Nd5 3. c4 Nb6 4. d4 d6 5. f4 e6 6. Nf3 dxe5 7. fxe5 h6 8. Be3 Be7 9. Nbd2 O-O 10. Bd3 c6
11. O-O c5 12. Nb3 cxd4 13. Bxd4 Nc6 14. Qe2 Nxd4 15. Nfxd4 Nd7 16. Qe4 g6 17. Qg4 Nxe5 18. Qg3 Nxd3 19. Qxd3 e5 20. Qe3 exd4
21. Qxh6 Bg5 22. Qxf8+ Kxf8 23. Rad1 Be3+ 24. Kh1 d3 25. h3 Bh6 26. Rf3 d2 27. Nc5 b6 28. Nb3 Bb7 29. Rf2 Be3 30. Re2 Bh6
31. Rf2 Rc8 32. Nxd2 a6 33. b3 b5 34. Re2 bxc4 35. bxc4 Rc7 36. Rde1 Bc6 37. Nb3 Bg5 38. Rf1 Re7 39. Ref2 Be8 40. Nc5 Be3
41. Re2 Bxc5
0-1

[Event "Autumn Tournament 2007"]
[Site "SchemingMind.com"]
[Date "2007.11.30"]
[Round "-"]
[White "lemmie"]
[Black "Fred Fanelli"]
[Result "1-0"]
[WhiteCountry "NED"]
[BlackCountry "USA"]
[WhiteElo "1627"]
[WhiteRD "56"]
[BlackElo "1666"]
[BlackRD "70"]
[GameID "131068"]

1. e4 c6 2. Nf3 d5 3. exd5 cxd5 4. d4 Nf6 5. Nc3 e6 6. Bd3 Nc6 7. Be3 Bb4 8. Bd2 O-O 9. a3 Bd6 10. Nb5 Bb8
11. Nc3 Re8 12. O-O e5 13. dxe5 Nxe5 14. Nxe5 Bxe5 15. Re1 a6 16. h3 h6 17. Re2 Bc7 18. Rxe8+ Qxe8 19. Qf3 Be6 20. Re1 Qd7
21. Bxh6 gxh6 22. Qxf6 Re8 23. Qxh6 f5 24. Re3 Re7 25. Rg3+ Bxg3 26. fxg3 Rg7 27. Ne2 Qc6 28. Nf4 Bd7 29. Qh4 Qd6 30. Qd8+ Qf8
31. Qh4 Qf7 32. Nh5 Rh7 33. Nf6+ Kh8 34. Nxh7 Qxh7 35. Qd8+
1-0

[Event "Autumn Tournament 2007"]
[Site "SchemingMind.com"]
[Date "2007.12.03"]
[Round "-"]
[White "Shaka"]
[Black "lemmie"]
[Result "1-0"]
[WhiteCountry "VEN"]
[BlackCountry "NED"]
[WhiteElo "1713"]
[WhiteRD "70"]
[BlackElo "1627"]
[BlackRD "56"]
[GameID "131069"]

1. e4 e5 2. Nf3 Nc6 3. Bc4 Bc5 4. c3 Nf6 5. d4 exd4 6. e5 Ne4 7. cxd4 Bb4+ 8. Bd2 Nxd2 9. Nfxd2 Nxd4 10. Bxf7+ Kxf7
11. Qh5+ g6 12. Qg4 Nc2+ 13. Kd1 d6 14. Qc4+ Be6 15. Qxc2 dxe5 16. Nc3 Qd4 17. Ke2 Qg4+ 18. Kf1 Rad8 19. Nf3 Bc4+ 20. Kg1 Rhe8
21. h3 Qf4 22. Rd1 Bxc3 23. Rxd8 Rxd8 24. Qxc3 Rd1+ 25. Ne1 Rc1 26. g3 Qe4 27. Qxc1 Bd5 28. Rh2 Bc6 29. Qe3 Qd5 30. Qb3 h5
31. Qxd5+ Bxd5 32. b3 b5 33. f3 a5 34. Rd2 c6 35. Kf2 Kf6 36. Ke3 Kf5 37. Nd3 e4 38. Nf4
1-0

[Event "Autumn Tournament 2007"]
[Site "SchemingMind.com"]
[Date "2007.12.03"]
[Round "-"]
[White "Sjakkie"]
[Black "lemmie"]
[Result "0-1"]
[WhiteCountry "NED"]
[BlackCountry "NED"]
[WhiteElo "1440"]
[WhiteRD "77"]
[BlackElo "1627"]
[BlackRD "56"]
[GameID "131070"]

1. e4 e5 2. Nf3 Nc6 3. d3 Bc5 4. Nc3 d6 5. Be3 Bxe3 6. fxe3 Nf6 7. h3 Be6 8. Be2 Qd7 9. Ng5 h6 10. Nxe6 Qxe6
11. O-O Ne7 12. Nb5 Qd7 13. a4 a6 14. Nc3 Ng6 15. Qe1 O-O 16. Nd5 Qd8 17. Ra3 Nxd5 18. exd5 Rb8 19. e4 Nf4 20. Bg4 c6
21. b3 Kh8 22. Kh2 h5 23. Bd1 Qg5 24. Rg1 f5 25. g3 Ng6 26. h4 Qh6 27. Rf1 f4 28. Rg1 fxg3+ 29. Qxg3 Nf4 30. Ra1 c5
31. a5 Rf6 32. Bf3 Rbf8 33. Rad1 Nxd5 34. Bh1 Ne3 35. Qg5 Rf2+ 36. Bg2 Qxg5 37. hxg5 Nxd1 38. Rxd1 Rxc2 39. Kh3 Rff2 40. Rg1 Kh7
41. Kg3 Kg6 42. Bh3 Rf7 43. Bf5+ Kxg5 44. Rh1 g6 45. Be6 Rff2 46. Rg1 Rcd2 47. Bc8 Rf7 48. Kh3+ Kh6 49. Rg3 g5 50. Be6 Rff2
51. Re3 Rh2+
0-1

[Event "Autumn Tournament 2007"]
[Site "SchemingMind.com"]
[Date "2007.12.03"]
[Round "-"]
[White "saxondom"]
[Black "lemmie"]
[Result "1/2-1/2"]
[WhiteCountry "HUN"]
[BlackCountry "NED"]
[WhiteElo "1387"]
[WhiteRD "99"]
[BlackElo "1627"]
[BlackRD "56"]
[GameID "131071"]

1. e4 e5 2. f4 Nc6 3. Nf3 exf4 4. d4 d5 5. Bxf4 Bg4 6. exd5 Qxd5 7. Nc3 Qe6+ 8. Qe2 O-O-O 9. Qxe6+ Bxe6 10. d5 Bxd5
11. O-O-O Nf6 12. Bd3 Bxf3 13. gxf3 Nd4 14. Rhe1 Kb8 15. Nb5 Nxb5 16. Bxb5 Bb4 17. c3 Bd6 18. Bg5 a6 19. Bc4 Bxh2 20. Re7 Rxd1+
21. Kxd1 Rf8 22. Bxf7 Bd6 23. Re6 h6 24. Bxh6 Rxf7 25. Bg5 Nd5 26. Re8+ Ka7 27. c4 Nb6 28. b3 Rxf3 29. Ke2 Rg3 30. Be3 g5
31. c5 Nd5 32. cxd6+ Rxe3+ 33. Rxe3 cxd6 34. Rg3 Nf4+ 35. Kf3 Ne6 36. Ke4 Kb6 37. Kf5 Nc5 38. Rxg5 Kc6 39. b4 Na4 40. Ke6 Nc3
41. a3 Kb6 42. Rg3 Ne4 43. Rb3 Kc6 44. Kf5 Nd2 45. Rc3+ Kb5 46. Ke6 Kb6 47. Kd5 Kb5 48. Rc7 Kb6 49. Kxd6 Nb3 50. Kd7 a5
51. Kc8 axb4 52. Rxb7+ Kc6 53. axb4 Nd4 54. Kb8 Nb5 55. Re7 Nd4 56. Rh7 Kb5 57. Rh4 Nc6+ 58. Kb7=
1/2-1/2

[Event "Autumn Tournament 2007"]
[Site "SchemingMind.com"]
[Date "2007.12.04"]
[Round "-"]
[White "Shanks"]
[Black "lemmie"]
[Result "1-0"]
[WhiteCountry "ENG"]
[BlackCountry "NED"]
[WhiteElo "1515"]
[WhiteRD "82"]
[BlackElo "1627"]
[BlackRD "56"]
[GameID "131072"]

1. Nf3 Nc6 2. d4 d5 3. e3 e6 4. a3 a6 5. Bd3 Nf6 6. Nbd2 Bd6 7. O-O O-O 8. h3 Ne7 9. c3 Ng6 10. c4 dxc4
11. Bxc4 b5 12. Be2 Bb7 13. b4 Nd5 14. Bb2 h6 15. e4 Nb6 16. e5 Be7 17. Rc1 Rc8 18. Nb3 Nd5 19. Nh2 Bg5 20. Nc5 Bxc1
21. Nxb7 Qe7 22. Bxc1 Nc3 23. Qd2 Nxe2+ 24. Qxe2 Qd7 25. Bb2 Nf4 26. Qf3 Ng6 27. Nc5 Qe7 28. Nxa6 Nh4 29. Qe4 Ng6 30. Nf3 c6
31. Nc5 Rfd8 32. Ra1 Nf8 33. Bc3 Nd7 34. Nxd7 Rxd7 35. Ne1 f6 36. exf6 Qxf6 37. Nd3 Rd5 38. a4 bxa4 39. Rxa4 Qf5 40. Qe2 Rd6
41. Ra5 Rd5 42. Rxd5 cxd5 43. Nc5 Kh7 44. Qe1 Kg8 45. Nxe6 Re8 46. g4 Qxe6 47. Qxe6+= Rxe6 48. b5 Rb6 49. Bd2 Rxb5 50. Be3 Rb4
51. Kg2 Kf7 52. Kf3 g5 53. Kg3 Rb1 54. Kg2 Re1 55. Bd2 Rd1 56. Be3 Kg6 57. Kh2 h5 58. gxh5+ Kxh5 59. Kg2 Kh4 60. f3 Re1
61. Bf2+ Kh5 62. Bxe1 Kg6 63. Kg3 Kf5 64. Bf2
1-0

[Event "Autumn Tournament 2007"]
[Site "SchemingMind.com"]
[Date "2007.12.03"]
[Round "-"]
[White "Fred Fanelli"]
[Black "lemmie"]
[Result "1/2-1/2"]
[WhiteCountry "USA"]
[BlackCountry "NED"]
[WhiteElo "1666"]
[WhiteRD "70"]
[BlackElo "1627"]
[BlackRD "56"]
[GameID "131073"]

1. e4 e5 2. Nf3 Nc6 3. d4 exd4 4. Nxd4 Nxd4 5. Qxd4 d6 6. Bc4 Nf6 7. Nc3 Be7 8. O-O O-O 9. b3 Nd7 10. Bb2 Bf6
11. Qe3 Ne5 12. Be2 Bg5 13. f4 Bh6 14. Qg3 Nc6 15. Nd5 Be6 16. Ne3 Qe7 17. f5 Bxe3+ 18. Qxe3 Bd7 19. Bd3 f6 20. Rad1 Ne5
21. Qe2 c6 22. Ba3 b6 23. Bc4+ Nxc4 24. Qxc4+ Qf7 25. Qd4 c5 26. Qxd6 Bb5 27. c4 Ba6 28. Bb2 Bb7 29. Qd7 Bxe4 30. Qxf7+ Rxf7
31. Rde1 Bb7 32. Re6 Rd8 33. Rfe1 h6 34. h3 Rfd7 35. Re8+ Rxe8 36. Rxe8+ Kf7 37. Re2 Rd1+=
1/2-1/2

[Event "Autumn Tournament 2007"]
[Site "SchemingMind.com"]
[Date "2007.12.01"]
[Round "-"]
[White "marble"]
[Black "Shaka"]
[Result "0-1"]
[WhiteCountry "ENG"]
[BlackCountry "VEN"]
[WhiteElo "1664"]
[WhiteRD "60"]
[BlackElo "1694"]
[BlackRD "67"]
[GameID "131131"]

1. e4 g6 2. d4 d6 3. c4 Bg7 4. Nf3 Bg4 5. Be3 Nf6 6. Nc3 O-O 7. Be2 Nc6 8. d5 Bxf3 9. Bxf3 Ne5 10. Be2 c6
11. O-O cxd5 12. cxd5 Qa5 13. a3 Rfc8 14. b4 Qd8 15. Nb5 a6 16. Nd4 Nxe4 17. Bf3 Nxf3+ 18. Qxf3 Bxd4 19. Qxe4 Bxa1 20. Rxa1 a5
21. Bd2 axb4 22. Bxb4 b5 23. Rd1 Rc4 24. Qe3 Rac8 25. h3 Qc7 26. Bd2 Qc5 27. Qf4 Rxf4
0-1

[Event "Autumn Tournament 2007"]
[Site "SchemingMind.com"]
[Date "2007.12.01"]
[Round "-"]
[White "marble"]
[Black "Sjakkie"]
[Result "1-0"]
[WhiteCountry "ENG"]
[BlackCountry "NED"]
[WhiteElo "1664"]
[WhiteRD "60"]
[BlackElo "1497"]
[BlackRD "80"]
[GameID "131132"]

1. e4 e5 2. Nf3 d6 3. d4 Qf6 4. Nc3 h6 5. Nd5 Qd8 6. dxe5 Be6 7. exd6 cxd6 8. Bc4 Ne7 9. O-O Nxd5 10. exd5 Bg4
11. h3 Bf5 12. Nd4 Bg6 13. Bf4 Be7 14. Re1 O-O 15. Qg4 h5 16. Qg3 Bh4 17. Qb3 b6 18. Nb5 Be7 19. c3 Na6 20. Be3 Nc5
21. Bxc5 bxc5 22. Be2 Rb8 23. Qc4 a6 24. Na7 Qb6 25. Nc6 Rbe8 26. b4 Bf6 27. a4 cxb4 28. Ra2 b3 29. Rb2 Bh4 30. Qxh4 Re4
31. Qg5 Rfe8 32. a5 Qc5 33. Qd2 h4 34. Rxb3 Bh5 35. Nd4 Qxa5 36. Rb2 Qxd5 37. f3 Re3 38. Rbb1 Bg6 39. Rbc1 a5 40. c4 Qg5
41. Nb5 Qc5 42. Kf1 R8e6 43. Nd4 Re7 44. f4 R7e4 45. Nc2 Rxf4+ 46. Bf3 Bd3+ 47. Re2 Bxe2+ 48. Ke1 Rd3 49. Qxf4 Bxf3 50. gxf3 a4
51. Ke2 Rc3 52. Ne1 Rb3 53. Nd3 Qc6 54. Qxh4 a3 55. Qd8+ Kh7 56. Qh4+ Kg8 57. Rg1 a2 58. Qg3 Qa6 59. Qxg7#
1-0

[Event "Autumn Tournament 2007"]
[Site "SchemingMind.com"]
[Date "2007.12.01"]
[Round "-"]
[White "marble"]
[Black "saxondom"]
[Result "1-0"]
[WhiteCountry "ENG"]
[BlackCountry "HUN"]
[WhiteElo "1664"]
[WhiteRD "60"]
[BlackElo "1297"]
[BlackRD "112"]
[GameID "131133"]

1. e4 Nc6 2. Nf3 e5 3. Bb5 a6 4. Ba4 Nf6 5. O-O Be7 6. Re1 b5 7. Bb3 O-O 8. c3 d5 9. exd5 Nxd5 10. Nxe5 Nxe5
11. Rxe5 c6 12. d3 Qd6 13. Qe1 Bf6 14. Re8 Be7 15. Rxf8+ Bxf8 16. Bxd5 Qxd5 17. b3 Qxd3 18. Ba3 a5 19. Bxf8 Kxf8 20. Na3 b4
21. Rd1 Qxd1 22. Qxd1 Be6 23. Qd6+ Ke8 24. Qxc6+ Ke7 25. Qb7+
1-0

[Event "Autumn Tournament 2007"]
[Site "SchemingMind.com"]
[Date "2007.12.05"]
[Round "-"]
[White "marble"]
[Black "Shanks"]
[Result "1-0"]
[WhiteCountry "ENG"]
[BlackCountry "ENG"]
[WhiteElo "1623"]
[WhiteRD "55"]
[BlackElo "1515"]
[BlackRD "82"]
[GameID "131134"]

1. e4 c6 2. d4 d5 3. Nc3 dxe4 4. Nxe4 Nd7 5. Nf3 Ngf6 6. Qe2 Nxe4 7. Qxe4 Nf6 8. Qd3 e6 9. Be2 Be7 10. Ne5 O-O
11. O-O c5 12. c3 cxd4 13. cxd4 Nd5 14. Re1 f6 15. Nc4 Nb4 16. Qb3 Nd5 17. Bf3 Qd7 18. Ne3 Nxe3 19. Bxe3 Kh8 20. Rad1 Bd6
21. Be2 a6 22. Bd2 e5 23. Be3 exd4 24. Rxd4 Qc7 25. g3 Bd7 26. Red1 Rad8 27. Rxd6 f5 28. Bb6 Qxd6 29. Rxd6 Rde8 30. Bf3 Re1+
31. Kg2 Re7 32. Bc5 Rfe8 33. Bxb7 Be6 34. Bd5 Bxd5+ 35. Rxd5 Re5 36. Rxe5 Rxe5 37. Qb8+
1-0

[Event "Autumn Tournament 2007"]
[Site "SchemingMind.com"]
[Date "2007.12.03"]
[Round "-"]
[White "marble"]
[Black "lemmie"]
[Result "0-1"]
[WhiteCountry "ENG"]
[BlackCountry "NED"]
[WhiteElo "1664"]
[WhiteRD "60"]
[BlackElo "1639"]
[BlackRD "62"]
[GameID "131135"]

1. e4 e5 2. Nf3 Nc6 3. Bc4 Bc5 4. d3 d6 5. h3 Nf6 6. Nc3 h6 7. a3 a6 8. O-O O-O 9. Be3 Bxe3 10. fxe3 Ne7
11. Qe1 Ng6 12. Qg3 Nh5 13. Bxf7+ Rxf7 14. Qxg6 Nf6 15. Nh4 Qf8 16. Nf5 Bxf5 17. Rxf5 Qe7 18. Raf1 Raf8 19. R1f3 c6 20. d4 exd4
21. exd4 Qd7 22. e5 dxe5 23. dxe5 Ne8 24. e6 Qd4+ 25. Kh1 Rxf5 26. Rxf5 Nf6 27. e7 Re8 28. Rxf6 Rxe7 29. Rf1 Re3 30. Qf7+ Kh7
31. Qf5+ Kg8 32. Rd1 Qh4 33. Qf1 Kh7 34. Rd7 Re1
0-1

[Event "Autumn Tournament 2007"]
[Site "SchemingMind.com"]
[Date "2007.11.30"]
[Round "-"]
[White "marble"]
[Black "Fred Fanelli"]
[Result "1/2-1/2"]
[WhiteCountry "ENG"]
[BlackCountry "USA"]
[WhiteElo "1664"]
[WhiteRD "60"]
[BlackElo "1616"]
[BlackRD "74"]
[GameID "131136"]

1. e4 d5 2. exd5 Nf6 3. Bb5+ Bd7 4. Bxd7+ Qxd7 5. c4 c6 6. dxc6 Nxc6 7. Nc3 e6 8. Nf3 Bc5 9. h3 O-O 10. O-O Rad8
11. Re1 a6 12. a3 Qc7 13. b4 Bd4 14. Nxd4 Nxd4 15. c5 Nc6 16. Re3 Rd7 17. d3 Rfd8 18. Ra2 Ne5 19. Rd2 Nd5 20. Nxd5 Rxd5
21. Bb2 Nc4 22. Qg4 Nxb2 23. Rxb2 Rxd3 24. Rxd3 Rxd3 25. Qe2 Rxa3 26. Qd1 Kf8 27. Rd2 Ke8 28. Rb2 Qc6 29. Qc1 Qb5 30. Rd2 Qxb4
31. c6 Rc3 32. Qd1 Rxc6 33. Rd8+ Ke7 34. Rd7+ Ke8=
1/2-1/2